| 000 | 01219nam a2200337 a 4500 | ||
|---|---|---|---|
| 001 | vtls000965788 | ||
| 003 | NLI | ||
| 005 | 20210627094517.0 | ||
| 008 | 111230s1992 ii 000 e tel | ||
| 020 | _cRs. 35.00 (pbk.) | ||
| 039 | 9 |
_y201112302227 _zVLOAD |
|
| 040 |
_aNLI _bteleng _cVergis_Telgu _eAACR2 |
||
| 041 | 0 | _atel | |
| 044 | _a ii | ||
| 082 | 0 | 4 | _a 894.8134 |
| 100 | 1 |
_6880-01 _aరామమూర్తి పంతులు, గిడుగు _9678400 |
|
| 245 | 1 | 0 |
_6880-02 _aసాహిత్య వ్యాసాలు / _cగిడుగు రామమూర్తి పంతులు |
| 260 |
_aహైదరాబాదు : _bవిశాలాంధ్ర పబ్లిషింగ్ హౌస్, _c1992 |
||
| 300 |
_axiii, 207p. ; _c21 cm. |
||
| 650 | 0 | _aTelugu prose literature | |
| 650 | 0 | _aTelugu essays | |
| 650 | 0 |
_aEssays, Telugu _9684117 |
|
| 880 | 1 |
_6100-01 (B _aRāmamūrti Pantulu, Giḍugu |
|
| 880 | 1 | 0 |
_6245-02 (B _aSāhitya Vyāsālu / _cGiḍugu Rāmamūrti Pantulu |
| 887 | _a | ||
| 901 |
_a25276 _b16.09.1994 |
||
| 902 | _aTe 894.8134 Ve 287 sa | ||
| 904 | _l13409 | ||
| 949 |
_AVIRTUAITEM _D10000 _X100 _6DBA000025276TEL |
||
| 942 |
_2ddc _cBKS |
||
| 999 |
_aVIRTUA40 _c788694 _d788694 |
||